| 000 | 00882nam a2200253Ia 4500 | ||
|---|---|---|---|
| 003 | OSt | ||
| 005 | 20220930190027.0 | ||
| 006 | a|||||r|||| 00| 0 | ||
| 007 | ta | ||
| 008 | 220926b |||||||| |||| 00| 0 hin d | ||
| 020 |
_a8171381162 (hbk) _c250 |
||
| 024 | _a1283 | ||
| 037 |
_bB281, 24/01/2009, Bharat Pustak Bhandar _cTextbook |
||
| 040 |
_aCRL _cCRL _bhin |
||
| 041 |
_2hin _ahin |
||
| 082 | _aQ224:45.25296, P8 | ||
| 100 | _aराय, डी. बी. | ||
| 245 | 0 | _aअयोध्या - 6 दिसंबर का सत्य | |
| 246 | _aPrāchīn bhārata | ||
| 260 |
_aनई दिल्ली, _bसामयिक प्रकाशन, भारत _c2008 |
||
| 300 |
_aृ223पृ0 _ccm. |
||
| 942 |
_hQ224:45.25296, P8 _cTB _2CC |
||
| 999 |
_c891476 _d891476 |
||